000 00534nam a2200169 4500
001 108889
003 ES-MaACL
005 20230906184731.0
007 t|
008 061121s1970 sp r ||||1| val d
100 1 _aMonzo Expósito, Vicente.
_982773
245 1 0 _aConts d' un cabanyaler /
_cVicente Monzo Exposito ; próleg de E. Soler Godes.
260 _aValencia :
_b[s.n.],
_c1970 (
_fSuc. de Vives Mora)
300 _a102 p. :
_bil ;
_c19 cm.
700 1 _aSoler Godes, Enric.
_9107177
852 _aES-MaACL
_jC-49674
_bR.75785
999 _c108889
_d108889